Archie Bell & the Drells Discography - Statistics

General Stats
  • This quiz has been taken 2 times
  • The average score is 3 of 8
Answer Stats
Type Year Name % Correct
Album 1968 Tighten Up
100%
Album 1975 Dance Your Troubles Away
50%
Album 1977 Hard Not To Like It
50%
Album 1969 I Can't Stop Dancing
50%
Album 1979 Strategy
50%
Album 1981 I Never Had It So Good
0%
Album 1969 There's Gonna Be a Showdown
0%
Album 1977 Where Will You Go When The Party's Over
0%
No matching quizzes found
Score Distribution
Percent of People with Each Score
Percentile by Number Answered
Your Score History
You have not taken this quiz